000 01168nam a2200265 i 4500
003 DO-SdBNP
005 20250625153115.0
007 ta
008 250625b2025 dr a|||j |||| 00| 0 spa d
020 _a9789945224092
040 _aDO-SdBNP
_bspa
_cBNPHU
_erda
082 _axxx
_bR175
_222
100 1 _aRamos Miranda, Evelyn
_eautora
_4aut.
_985082
245 1 0 _aOdette :
_by las mariquitas de papel /
_cEvelyn Ramos Miranda ; ilustraciones, Henry Cid
264 1 _aSanto Domingo :
_bEditora Búho,
_c2025.
300 _a20 páginas ;
_bilustraciones
_c28 cm
336 _atexto
_btxt
_2rdacontent
337 _asin mediación
_bn
_2rdamedia
338 _avolumen
_bnc
_2rdacarrier
520 _aEste cuento infantil relata las aventuras de Odette, una niña curiosa que junto a sus amigas las, mariquitas de papel viven muchas aventuras, entre lo real y lo mágico. Un cuento divertido que rescata un juego de épocas pasadas, donde las niñas pasaban las tardes jugando con muñecas de papel (mariquitas) vistiéndolas y recortándolas.
590 _aInventariado, 2025/ YL
700 1 _aCid, Henry
_eilustrador
_4il.
_9346
910 _aYLockward
942 _2ddc
_cLF2
999 _c58675
_d58675